| 000 | 00879cam a22002535a 4500 | ||
|---|---|---|---|
| 001 | 14474293 | ||
| 005 | 20160211103429.0 | ||
| 008 | 060731t2006 okua fr 001 0 eng d | ||
| 020 | _a1593700520 (hardcover) | ||
| 020 | _a9781593700522 (hardcover) | ||
| 040 |
_aDLC _cDLC _dYDX _dBAKER _dLCJ _dDMZ _dYDXCP _dBTCTA _dVP@ _dDLC _dEG-ScBUE _beng |
||
| 082 | 0 | 4 |
_a622.338 _222 _bRAY |
| 100 | 1 |
_aRaymond, Martin. _939297 |
|
| 245 | 1 | 0 |
_a Oil and gas production in nontechnical language / _cMartin S. Raymond, William L. Leffler. |
| 260 |
_aTulsa : _bPennWell Corporation, _cc.2006. |
||
| 300 |
_axx, 255 p. : _bill. ; _c24 cm. |
||
| 500 | _aIndex : p. 243-255. | ||
| 650 | 7 |
_aOil wells. _2BUEsh _939298 |
|
| 650 | 7 |
_aGas wells. _2BUEsh _939299 |
|
| 650 | 7 |
_aPetroleum engineering. _2BUEsh _95223 |
|
| 653 |
_bENGPET _cJuly2015 _cFebruary2016 |
||
| 700 | 1 | _aLeffler, William L. | |
| 942 | _2ddc | ||
| 999 |
_c20227 _d20199 |
||